000 00297nam a2200109Ia 4500
001 1272288
005 20260417151425.0
008 260417s9999 xx 000 0 und d
020 _a9786257303712
245 0 _aDokunmatik Ekranlar Neden Gıdıklanmaz ?
_cFederico Taddia
260 _bKetebe Çocuk
999 _c1272288
_d1272288